Detalles MARC
| 000 -LEADER |
| fixed length control field |
03119nam a2200385Ii 4500 |
| 001 - CONTROL NUMBER |
| control field |
DIGBN04491 |
| 003 - CONTROL NUMBER IDENTIFIER |
| control field |
NyNyDIG |
| 006 - FIXED-LENGTH DATA ELEMENTS--ADDITIONAL MATERIAL CHARACTERISTICS |
| fixed length control field |
m o d |
| 007 - PHYSICAL DESCRIPTION FIXED FIELD--GENERAL INFORMATION |
| fixed length control field |
cr ||||||||||| |
| 008 - FIXED-LENGTH DATA ELEMENTS--GENERAL INFORMATION |
| fixed length control field |
100625s2010 sp o 000 0 spa d |
| 020 ## - INTERNATIONAL STANDARD BOOK NUMBER |
| Canceled/invalid ISBN |
8499400639 |
| 020 ## - INTERNATIONAL STANDARD BOOK NUMBER |
| Canceled/invalid ISBN |
9788499400631 |
| 040 ## - CATALOGING SOURCE |
| Original cataloging agency |
DGITA |
| Language of cataloging |
eng |
| Description conventions |
pn |
| Transcribing agency |
DGITA |
| 050 04 - LIBRARY OF CONGRESS CALL NUMBER |
| Classification number |
B105.E7 eBook |
| 100 1# - MAIN ENTRY--PERSONAL NAME |
| Personal name |
Muñoz, Jacobo |
| 245 10 - TITLE STATEMENT |
| Title |
Filosofía de la historia : |
| Remainder of title |
origen y desarrollo de la conciencia histórica / |
| Statement of responsibility, etc. |
Jacobo Muñoz. |
| 264 #1 - PRODUCTION, PUBLICATION, DISTRIBUTION, MANUFACTURE, AND COPYRIGHT NOTICE |
| Place of production, publication, distribution, manufacture |
Madrid : |
| Name of producer, publisher, distributor, manufacturer |
Biblioteca Nueva, |
| Date of production, publication, distribution, manufacture, or copyright notice |
2010. |
| 300 ## - PHYSICAL DESCRIPTION |
| Extent |
1 online resource (304 pages) |
| 336 ## - CONTENT TYPE |
| Content type term |
text |
| Content type code |
txt |
| Source |
rdacontent |
| 337 ## - MEDIA TYPE |
| Media type term |
computer |
| Media type code |
c |
| Source |
rdamedia |
| 338 ## - CARRIER TYPE |
| Carrier type term |
online resource |
| Carrier type code |
cr |
| Source |
rdacarrier |
| 490 1# - SERIES STATEMENT |
| Series statement |
Colección razón y sociedad ; |
| Volume/sequential designation |
91. |
| 505 0# - FORMATTED CONTENTS NOTE |
| Formatted contents note |
Nota preliminar -- I. Hacia la historia -- Del descubrimiento del tiempo histórico a los grandes relatos históricos -- ¿Una historia (Geschichte) "inmediata"? -- La génesis teológica de la mirada filosófica a la historia: De San Agustín a Joaquín de Fiore -- De la historiografía medieval a la historia humanística -- La aparición de la crítica histórica -- La autonomización del discurso histórico-profano y el interés primero por la metodología de la historia -- El otro significado de la voz "historia": la "historia naturalis" -- II. Hacia la filosofía de la historia -- Hacia la filosofía de la historia: de Bossuet a Voltaire -- De la teología de la historia a la historia como ciencia social: Giambattista Vico -- Montesquieu y el nacimiento de la historia científica -- III. La concepción histórica de la Ilustración -- Mably y Diderot -- La idea de progreso -- La escuela histórica escocesa y la teoría de los cuatro estadios -- IV. Historia y filosofía de la historia entre la Ilustración y el Romanticismo -- La reacción romántico-nacionalista -- La filosofía de la historia de Johann Gottfried Herder -- La "historia filosófica" de Inmanuel Kant -- La plenitud de la filosofía de la historia: Georg Wilhelm Friedrich Hegel -- V. Historia y filosofía de la historia después de Hegel -- Más allá del sistema -- Un caso de polisemia conceptual: el "historicismo" -- Leopold von Ranke -- El positivismo -- Historismo e historicismo: Karl R. Popper -- VI. El proceso de constitución de la historia como ciencia -- Karl Marx -- La teoría marxiana de la historia -- La irradiación del materialismo histórico -- Gramsci -- La aportación anglosajona -- Los territorios del historiador -- La "Escuela Metódica" -- La escuela de los Annales -- Historia y antropología social: El desafío estructuralista - Epílogo. |
| 650 #0 - SUBJECT ADDED ENTRY--TOPICAL TERM |
| Topical term or geographic name entry element |
Philosophy, Spanish. |
| 650 #0 - SUBJECT ADDED ENTRY--TOPICAL TERM |
| Topical term or geographic name entry element |
Events (Philosophy) |
| 650 #0 - SUBJECT ADDED ENTRY--TOPICAL TERM |
| Topical term or geographic name entry element |
Philosophy |
| General subdivision |
History. |
| 650 #0 - SUBJECT ADDED ENTRY--TOPICAL TERM |
| Topical term or geographic name entry element |
History |
| General subdivision |
Philosophy. |
| 655 #0 - INDEX TERM--GENRE/FORM |
| Genre/form data or focus term |
Electronic books. |
| 791 2# - |
| -- |
Digitalia (Firm), |
| -- |
distributor. |
| 793 0# - |
| -- |
Digitalia eBook Collection: |
| -- |
Biblioteca Nueva |
| 830 #0 - SERIES ADDED ENTRY--UNIFORM TITLE |
| Uniform title |
Colección Razón y sociedad ; |
| Volume/sequential designation |
91. |
| 856 40 - ELECTRONIC LOCATION AND ACCESS |
| Materials specified |
Digitalia Hispánica |
| Uniform Resource Identifier |
<a href="https://www.digitaliapublishing.com/a/6202/">https://www.digitaliapublishing.com/a/6202/</a> |
| 910 ## - USER-OPTION DATA (OCLC) |
| User-option data |
Premium Collection: 2007-2012 |
| 942 ## - ADDED ENTRY ELEMENTS (KOHA) |
| Koha item type |
Recurso Electrónico |